Estadísticas para Países que comienzan con N

Haz click aquí para tomar la prueba!

Estadísticas generales

  • Esta prueba ha sido tomada 14.376 veces
  • La puntuación promedio es 6 de 8

Estadísticas de respuestas

País% Correcto
Noruega
85%
Namibia
84%
Nicaragua
83%
Níger
80%
Nigeria
79%
Nepal
71%
Nauru
65%
Nueva Zelanda
65%

Distribución de puntuación

Porcentaje por número respondido

Porcentaje de gente con cada puntuación

Historial de tus puntuaciones

No has tomado esta prueba